000 00679nam a2200253Ia 4500
001 3758
005 20240113233650.0
007 ta
008 050603s2000 g b000 u hin u
020 _cPB
040 _aCotton College,Assam
041 _ahin
082 _a491.43
_bSh 11 Hi
100 _aSharma, Venkat .
245 0 _aHindi Muhavare aur Lokoktiyan: Artha aur Prayog /
_cVenkat Sharma.
_hTextual Documents
250 _a1st ed. /
260 _aJodhpur :
_bRajasthani Granthagar ,
_c2000.
300 _a221p. ;
_c22cm.
653 _aHindi language-Criticism
653 _aGen-Hindi
942 _2ddc
_cBK
999 _c3746
_d3746